Proceedings of the twenty-fifth annual ACM Symposium on the Theory of Computing : San Diego, California, May 16-18, 1993 /

Guardado en:
Autores Corporativos: ACM Symposium on Theory of Computing San Diego, California), ACM Special Interest Group for Algorithms and Computation Theory.
Formato: Libro
Idioma:English
Publicado: New York : ACM Press, c1993.
Etiquetas: Agregar Etiqueta
Sin Etiquetas, Sea el primero en etiquetar este registro!
LEADER 00844nam a22001815a 4500
001 MAT.inmabb004929
008 080820s1993####nyua#####b####101#0#eng#d
005 20160510174823.0
245 1 0 |a Proceedings of the twenty-fifth annual ACM Symposium on the Theory of Computing :  |b San Diego, California, May 16-18, 1993 /  |c sponsored by the ACM Special Interest Group for Algorithms and Computation Theory. 
260 |a New York :  |b ACM Press,  |c c1993. 
300 |a ix, 812 p. :  |b il ;  |c 28 cm. 
504 |a Incluye referencias bibliográficas e índice de autores. 
020 |a 0897915917 
111 2 |a ACM Symposium on Theory of Computing  |n (25º :  |d 1993 :  |c San Diego, California) 
710 2 |a ACM Special Interest Group for Algorithms and Computation Theory. 
084 |a 68-06  |2 msc2000 
084 |a 68Qxx  |2 msc2000 
859 |h 68  |i Ac184-25  |p A-7239  |b BIB. MATEMATICA